[Event "Madrid Pueblo Nuevo Youth"]
[Site "Madrid"]
[Date "2006.06.04"]
[Round "6.4"]
[White "Collado Barbas, Laura"]
[Black "Fernandez Marquez, Javier"]
[Result "1-0"]
[WhiteElo "1861"]
[BlackElo "1919"]
[PlyCount "63"]
[EventDate "2006.05.27"]
[EventType "swiss"]
[EventRounds "9"]
[EventCountry "ESP"]
[SourceTitle "EXT 2024"]
[Source "ChessBase"]
[SourceDate "2023.10.10"]
[SourceVersion "1"]
[SourceVersionDate "2023.10.10"]
[SourceQuality "1"]

1. d4 Nf6 2. c4 e6 3. Nc3 d5 4. cxd5 exd5 5. Bg5 Be7 6. e3 Bf5 7. Bxf6 Bxf6 8. Qb3 Nd7 9. Nxd5 Nb6 10. Nxb6 axb6 11. Bc4 0-0 12. Ne2 Qe7 13. 0-0 h5 14. Ng3 Bg6 15. Bd3 Bxd3 16. Qxd3 h4 17. Ne2 Ra5 18. a3 h3 19. Ng3 hxg2 20. Kxg2 Rg5 21. Rg1 Qd7 22. Kh1 Qg4 23. Qe4 Qc8 24. Rg2 Re8 25. Qf3 c6 26. Rag1 Qh3 27. Qf4 Qe6 28. Qc7 Rb5 29. Qxb7 Rxb2 30. Nh5 g6 31. Rxg6+ Kh8 32. Rh6# 1-0